| 000 | 00670nam a2200193 a 4500 | ||
|---|---|---|---|
| 005 | 20140412111315.0 | ||
| 008 | 010309s19uu xx 00 eng d | ||
| 020 | _a0-394-87616-4 | ||
| 050 |
_aER _bIw1 1986 |
||
| 100 | _aLopshire, Robert | ||
| 245 |
_aI want to be somebody new! / _cRobert Lopshire. |
||
| 260 |
_aCanada : _bBeginner Books, _c1986. |
||
| 300 | _a1 v. (unp.) ; ill. | ||
| 520 | _aTired of doing tricks in a circus, a large spotted animal decides he wants to be something different such as a mouse, an elephant, or a giraffe. | ||
| 650 | _aAnimals - Fiction | ||
| 650 | _aSelf-acceptance - Fiction | ||
| 650 | _aStories in rhyme | ||
| 999 |
_c104171 _d104171 |
||